Microprocessors and microcontrollers/ (Record no. 596371)

MARC details
000 -LEADER
fixed length control field 01074nam a2200337 a 4500
001 - CONTROL NUMBER
control field vtls000735507
003 - CONTROL NUMBER IDENTIFIER
control field NLI
005 - DATE AND TIME OF LATEST TRANSACTION
control field 20210627043914.0
008 - FIXED-LENGTH DATA ELEMENTS--GENERAL INFORMATION
fixed length control field 110317s2011 ii da e 000 0 eng d
020 ## - INTERNATIONAL STANDARD BOOK NUMBER
International Standard Book Number 9780070704596(pbk);
Terms of availability Rs.325.00
039 #9 - LEVEL OF BIBLIOGRAPHIC CONTROL AND CODING DETAIL [OBSOLETE]
-- 201103171803
-- Chanchalg
040 ## - CATALOGING SOURCE
Original cataloging agency NLI:
Language of cataloging eng
041 0# - LANGUAGE CODE
Language code of text/sound track or separate title eng
044 ## - COUNTRY OF PUBLISHING/PRODUCING ENTITY CODE
MARC country code ii
082 04 - DEWEY DECIMAL CLASSIFICATION NUMBER
Classification number 004.16
Edition number 22
100 1# - MAIN ENTRY--PERSONAL NAME
Personal name Mandal, Soumitra Kumar
9 (RLIN) 725727
245 10 - TITLE STATEMENT
Title Microprocessors and microcontrollers/
Statement of responsibility, etc. Soumitra Kumar Mandal
260 ## - PUBLICATION, DISTRIBUTION, ETC.
Place of publication, distribution, etc. New Delhi:
Name of publisher, distributor, etc. Tata McGraw-Hill Education,
Date of publication, distribution, etc. c2011
300 ## - PHYSICAL DESCRIPTION
Extent 1v (various pagings):
Other physical details ill;
Dimensions 24cm
650 #0 - SUBJECT ADDED ENTRY--TOPICAL TERM
Topical term or geographic name entry element Microprocessors
9 (RLIN) 676221
650 #0 - SUBJECT ADDED ENTRY--TOPICAL TERM
Topical term or geographic name entry element Microcontrollers
9 (RLIN) 725728
650 #0 - SUBJECT ADDED ENTRY--TOPICAL TERM
Topical term or geographic name entry element Programmable controllers
9 (RLIN) 725729
887 ## - NON-MARC INFORMATION FIELD
Content of non-MARC field chanchalg
901 ## - LOCAL DATA ELEMENT A, LDA (RLIN)
a DB121727:
b 25.12.2010
902 ## - LOCAL DATA ELEMENT B, LDB (RLIN)
a E 004.16 M 312
904 ## - LOCAL DATA ELEMENT D, LDD (RLIN)
a chanchalg
949 ## - LOCAL PROCESSING INFORMATION (OCLC)
-- VIRTUAITEM
-- 10000
-- 100
6 DBA000121727ENG
942 ## - ADDED ENTRY ELEMENTS (KOHA)
Source of classification or shelving scheme Dewey Decimal Classification
Koha item type Books
Holdings
Withdrawn status Lost status Damaged status Not for loan Collection code Home library Current library Shelving location Date acquired Total Checkouts Full call number Barcode Date last seen Price effective from Koha item type
        New English National Library of India National Library of India New English - Main Stack Division     E 004.16 M 312 DBA000121727ENG 27/06/2021 27/06/2021 Books
                                                                           
web counter

Copyright ©2020 The National Library of India, Govt. of India ↔ Hosted by NVLI, MOC ↔ Technology and Design by National Library of India, Ministry of Culture, Govt. of India